000 00585nam a2200181Ia 4500
008 090123s9999 xx 000 0 und d
082 _b3549
_a891.463/पटव
100 _aपटवर्धन शशि
245 _aस्वप्नात तरी ये
250 _a1
260 _bमेनका प्रकाशन
_c1974
300 _a140
600 _aपटवर्धन शशि
630 _aस्वप्नात तरी ये
700 _aपटवर्धन शशि
730 _aस्वप्नात तरी ये
942 _cBOOK
999 _c41629
_d41629